Science Quiz

Random Science or Math Quiz

Next Number in the Sequence Quiz Stats

 Plays Quiz Updated Aug 12, 2015

Challenge
Share
Tweet
Embed
Score 0/20 Timer 10:00
2 Plays Today
Sequence Number % Correct
1, 2, 3, 4...5
99.8%
31, 33, 35, 37...39
99.1%
1, 1, 2, 3, 5, 8...13
86.7%
16, 64, 256, 1024...4096
84.3%
121, 144, 169, 196...225
82.7%
2, 3, 5, 8, 12, 17, 23...30
77.3%
3, 3 ,5, 4, 4, 3, 5, 5... 4
65.2%
210, 247, 287, 330, 376...425
49.1%
8x^3, 24x^2, 48x, 48...0
42.2%
1, 4, 1, 5, 9, 2...6
38.9%
Sequence Number % Correct
1, 1, 2, 6, 24, 120...720
34.6%
7, 9, 15, 33, 87...249
24.3%
63, 7623, 776223... 77762223
24.1%
904, 941, 1018, 1055... 1132
17.7%
64, 125i, -216...-343i
16.7%
60, 90, 108...120
11%
503, 509, 521, 523...541
9.7%
1, 4, 5, 6, 7, 9, 11... 100
3.7%
12, 101, 813...6509
3.7%
1, 2, 2, 5, 10, 26, 65... 170
2.2%

You're not logged in!

Compare scores with friends on all Sporcle quizzes.
Join for Free
OR
Log In

You Might Also Like...

Show Comments

Extras

Top Quizzes Today


Score Distribution

Your Account Isn't Verified!

In order to create a playlist on Sporcle, you need to verify the email address you used during registration. Go to your Sporcle Settings to finish the process.

Report this User

Report this user for behavior that violates our Community Guidelines.

Details: